[Event "Ayvalik Akasya"]
[Site "Ayvalik"]
[Date "2023.04.11"]
[Round "6"]
[White "Nikcevic, Nebojsa"]
[Black "Eke, Salih"]
[Result "1-0"]
[WhiteElo "2414"]
[BlackElo "2300"]
[PlyCount "93"]
[EventDate "2023.04.08"]
[EventType "schev"]
[EventRounds "9"]
[EventCountry "TUR"]
[SourceTitle "CBM 213 Extra"]
[Source "ChessBase"]
[SourceDate "2023.05.31"]
[SourceVersion "1"]
[SourceVersionDate "2023.05.31"]
[SourceQuality "1"]
[WhiteTeam "Team D"]
[BlackTeam "Team C"]
[WhiteTeamCountry "TUR"]
[BlackTeamCountry "TUR"]

1. c4 e6 2. Nc3 d5 3. d4 Be7 4. Nf3 Nf6 5. g3 0-0 6. Bg2 dxc4 7. Ne5 c5 8. dxc5 Qxd1+ 9. Nxd1 Bxc5 10. 0-0 Nc6 11. Nxc4 Nd4 12. Nc3 Bb4 13. Bd2 Rd8 14. Rfd1 Bd7 15. Bxb7 Rab8 16. Bf3 Nxf3+ 17. exf3 Bxc3 18. Bxc3 Bc6 19. Be5 Ra8 20. Bxf6 gxf6 21. f4 Rxd1+ 22. Rxd1 Bd5 23. Rd4 Rb8 24. b3 Rb4 25. f5 a5 26. Rg4+ Kf8 27. Ne3 Rxg4 28. Nxg4 Ke7 29. Ne3 Kd6 30. Kf1 Kc5 31. Ke2 Be4 32. fxe6 fxe6 33. Nc4 Kb4 34. a3+ Kxb3 35. Nd2+ Kxa3 36. Nxe4 Kb2 37. Nc5 Kc3 38. Kd1 e5 39. Nd7 Kb2 40. Nxf6 a4 41. Nd5 a3 42. Nb4 Kc3 43. Nc2 a2 44. g4 e4 45. g5 e3 46. fxe3 Kd3 47. h4 1-0